[Event "Chervonny Open 2012"]
[Site "?"]
[Date "2012.09.21"]
[Round "3"]
[White "Medvedev, Vladimir"]
[Black "Nazarenkov, Aleksandr"]
[Result "1-0"]
[WhiteElo "2099"]
[BlackElo "2224"]
[PlyCount "72"]
[EventDate "2012.09.22"]
[SourceDate "2012.09.28"]

1. Nf3 d5 2. d4 Bg4 3. Ne5 Bf5 4. g4 Bg6 5. h4 f6 6. h5 Be4 7. f3 fxe5 8. fxe4
dxe4 9. d5 Nf6 10. Nc3 e3 11. Bxe3 Nxg4 12. Qd2 c6 13. O-O-O Nf6 14. Bg2 Qa5
15. Bg5 Nxd5 16. Nxd5 Qxd2+ 17. Rxd2 cxd5 18. Rxd5 Nc6 19. Rhd1 Rd8 20. c3 Rxd5
21. Rxd5 g6 22. h6 e6 23. Rb5 Be7 24. Be3 Nd8 25. Bxb7 O-O 26. Be4 Nf7 27. Kc2
a6 28. Rb6 Nd6 29. Bc5 Nxe4 30. Bxe7 Re8 31. Bh4 g5 32. Be1 Kf7 33. Rxa6 Kg6
34. Ra5 Kf5 35. Ra7 Nf6 36. Rg7 e4 1-0

[Event "Chervonny Open 2012"]
[Site "?"]
[Date "2012.09.21"]
[Round "3"]
[White "Tokarzhevskiy, Aleksey"]
[Black "Kuryshkin, Anatoliy"]
[Result "0-1"]
[WhiteElo "1860"]
[BlackElo "2055"]
[PlyCount "54"]
[EventDate "2012.09.22"]
[SourceDate "2012.09.28"]

1. e4 e5 2. Nf3 Nc6 3. Bb5 a6 4. Ba4 Nf6 5. O-O Be7 6. Re1 b5 7. Bb3 d6 8. h3
O-O 9. c3 Na5 10. Bc2 d5 11. Nxe5 dxe4 12. Bxe4 Nxe4 13. Rxe4 f6 14. Nf3 Bf5
15. Rf4 Qd5 16. Qe2 Rae8 17. Qd1 Bd6 18. Rd4 Qe6 19. b4 Nc6 20. Rxd6 Qxd6 21.
d4 Ne5 22. Nbd2 Nd3 23. Nb3 Be4 24. Be3 Nb2 25. Qe2 Nc4 26. Rd1 f5 27. a3 Nxe3
0-1

[Event "Chervonny Open 2012"]
[Site "?"]
[Date "2012.09.21"]
[Round "3"]
[White "Sepp, Yuri"]
[Black "Gavrilov, Yuri"]
[Result "1-0"]
[WhiteElo "1957"]
[BlackElo "2082"]
[PlyCount "77"]
[EventDate "2012.09.22"]
[SourceDate "2012.09.28"]

1. e4 e5 2. Nf3 Nc6 3. Bb5 Nge7 4. c3 d6 5. d4 Bd7 6. O-O a6 7. Ba4 exd4 8.
cxd4 h6 9. Nc3 b5 10. Bb3 Na5 11. Bc2 Bg4 12. h3 Bh5 13. Be3 Nec6 14. a4 b4 15.
Nd5 Nc4 16. b3 Nxe3 17. fxe3 Ne7 18. Nxb4 Qb8 19. Nd5 c6 20. Nf4 Bg6 21. Nxg6
Nxg6 22. e5 dxe5 23. Bxg6 fxg6 24. Nxe5 Qd6 25. Nf7 Qe6 26. Nxh8 Qxe3+ 27. Kh1
O-O-O 28. Qg4+ Kb8 29. Rae1 h5 30. Rxe3 hxg4 31. Nxg6 Bd6 32. hxg4 Bc7 33. Ne7
Kb7 34. Rf7 Rxd4 35. g3 Rxg4 36. Nxc6 Rg6 37. Na5+ Kc8 38. Re8+ Bd8 39. Nb7 1-0

[Event "Chervonny Open 2012"]
[Site "?"]
[Date "2012.09.21"]
[Round "3"]
[White "Milutin, Lev"]
[Black "Kots, Dmitry"]
[Result "0-1"]
[WhiteElo "1961"]
[BlackElo "1795"]
[PlyCount "64"]
[EventDate "2012.09.22"]
[SourceDate "2012.09.28"]

1. d4 c6 2. c4 d5 3. e3 Bf5 4. Qb3 b6 5. Nc3 e6 6. Nf3 Nf6 7. Bd2 Bd6 8. Be2
O-O 9. O-O Re8 10. cxd5 exd5 11. Ne1 Nbd7 12. f4 Ne4 13. Nxe4 Bxe4 14. Nf3 Qf6
15. Bd3 Qg6 16. Bxe4 Qxe4 17. Rac1 c5 18. Qb5 Nf6 19. Qc6 Qe7 20. Ne5 Rac8 21.
Qa4 Ne4 22. Be1 f6 23. Nf3 c4 24. Nh4 g6 25. a3 c3 26. Qb3 Nd2 27. Qxd5+ Kg7
28. Bxd2 cxd2 29. Rcd1 Qxe3+ 30. Kh1 Rc1 31. Qf3 Qe1 32. g3 Rxd1 0-1

[Event "Chervonny Open 2012"]
[Site "?"]
[Date "2012.09.21"]
[Round "3"]
[White "Ibragimov, Ali"]
[Black "Anikeev, Anatoliy"]
[Result "1-0"]
[WhiteElo "2056"]
[BlackElo "1898"]
[PlyCount "107"]
[EventDate "2012.09.22"]
[SourceDate "2012.09.28"]

1. e4 c5 2. d3 d6 3. Nd2 Nf6 4. Ngf3 Nc6 5. g3 e5 6. Bg2 Be7 7. O-O O-O 8. c3
Rb8 9. a4 a5 10. Nc4 h6 11. Re1 Bg4 12. h3 Be6 13. Ne3 Qd7 14. Kh2 Nh7 15. Nd5
Bd8 16. Be3 Ne7 17. Nd2 f5 18. f4 Nxd5 19. exd5 Bf7 20. fxe5 dxe5 21. Bxc5 Re8
22. d6 Nf6 23. Qf3 Bd5 24. Qf2 b6 25. Bxd5+ Nxd5 26. Ba3 Bg5 27. Nf3 e4 28.
Nxg5 hxg5 29. dxe4 fxe4 30. Qd4 Nf6 31. g4 Qe6 32. Rad1 Nd7 33. Qd5 Qxd5 34.
Rxd5 Re6 35. Kg3 g6 36. Rxg5 Kg7 37. h4 Rf8 38. h5 Rd8 39. Rxg6+ Rxg6 40. hxg6
Kxg6 41. c4 Kg5 42. b3 Re8 43. Bc1+ Kg6 44. Bf4 Kf7 45. Rh1 e3 46. Re1 e2 47.
Kf3 Nc5 48. Rxe2 Rxe2 49. Kxe2 Ke6 50. Be3 Nxb3 51. Kd3 Nc5+ 52. Bxc5 bxc5 53.
Ke4 Kxd6 54. Kf5 1-0

[Event "Chervonny Open 2012"]
[Site "?"]
[Date "2012.09.21"]
[Round "3"]
[White "Reva-Nikitina, Zoya N"]
[Black "Dyachkov, Oleg"]
[Result "1/2-1/2"]
[WhiteElo "1801"]
[BlackElo "1803"]
[PlyCount "38"]
[EventDate "2012.09.22"]
[SourceDate "2012.09.28"]

1. b4 e5 2. Bb2 d6 3. b5 f5 4. c4 b6 5. Nc3 Nf6 6. Nf3 Be7 7. Qb3 Nbd7 8. g3
Nc5 9. Qc2 Nfe4 10. Bg2 Rb8 11. O-O Nxc3 12. Bxc3 O-O 13. d4 exd4 14. Nxd4 Bd7
15. Bd5+ Kh8 16. a4 a5 17. Qb2 Bf6 18. Qc2 Qc8 19. f4 Qe8 1/2-1/2

[Event "Chervonny Open 2012"]
[Site "?"]
[Date "2012.09.21"]
[Round "3"]
[White "Leschenko, Wjatcheslaw"]
[Black "Guseva, Antonina"]
[Result "1/2-1/2"]
[WhiteElo "1652"]
[BlackElo "1660"]
[PlyCount "117"]
[EventDate "2012.09.22"]
[SourceDate "2012.09.28"]

1. Nf3 c5 2. e3 Nc6 3. c4 g6 4. Nc3 Bg7 5. Be2 d6 6. O-O Nf6 7. d4 cxd4 8. exd4
e6 9. Be3 O-O 10. Qd2 Re8 11. Bg5 a6 12. h4 Qc7 13. Nh2 h5 14. Rad1 b6 15. Bf3
Bb7 16. Ne2 Ne7 17. b3 Nf5 18. Bxb7 Qxb7 19. Nf3 Ne4 20. Qc1 Rac8 21. b4 a5 22.
Be3 axb4 23. Qc2 d5 24. Nd2 Nxd2 25. Qxd2 Nxh4 26. Qxb4 Rxc4 27. Qb5 Rec8 28.
a4 Qc6 29. Qxc6 R8xc6 30. Rc1 Rxc1 31. Rxc1 Rxc1+ 32. Bxc1 Nf5 33. Bb2 Kf8 34.
f3 Ke7 35. Kf2 Kd6 36. g4 hxg4 37. fxg4 Ne7 38. Ba3+ Kd7 39. Bxe7 Kxe7 40. g5
Kd6 41. Ke3 Kc6 42. Nc3 Bf8 43. Nb5 Bd6 44. Na7+ Kb7 45. Nb5 Bb4 46. Kf4 Bd2+
47. Ke5 Bxg5 48. Nd6+ Kc7 49. Nxf7 Be3 50. Kxe6 Bxd4 51. Kxd5 Be3 52. Nd6 g5
53. Nf5 Bf2 54. Ke4 g4 55. Kf4 g3 56. Nxg3 Bxg3+ 57. Kxg3 Kc6 58. Kf3 Kc5 59.
a5 1/2-1/2

[Event "Chervonny Open 2012"]
[Site "?"]
[Date "2012.09.22"]
[Round "4"]
[White "Kozlov, Aleksandr"]
[Black "Gulkov, Igor A"]
[Result "0-1"]
[WhiteElo "2153"]
[BlackElo "2355"]
[PlyCount "82"]
[EventDate "2012.09.22"]
[SourceDate "2012.09.28"]

1. e4 c5 2. Nf3 d6 3. d4 cxd4 4. Nxd4 Nf6 5. Nc3 a6 6. Be3 e5 7. Nb3 Be6 8. Be2
Be7 9. O-O O-O 10. f3 Nbd7 11. Qd2 Rc8 12. Rfd1 Qc7 13. Rac1 Nb6 14. Bg5 Rfd8
15. Qe1 h6 16. Bh4 d5 17. exd5 Nbxd5 18. Nxd5 Nxd5 19. Bxe7 Qxe7 20. Bd3 Qg5
21. Bf1 Ne3 22. Rxd8+ Rxd8 23. g3 Nxf1 24. Kxf1 Bd5 25. Rd1 Bxf3 26. Rxd8+ Qxd8
27. Qxe5 Qd1+ 28. Kf2 Bd5 29. Qe2 Qxe2+ 30. Kxe2 Bxb3 31. axb3 f5 32. Ke3 Kf7
33. Kd4 Ke6 34. c4 a5 35. h4 g5 36. hxg5 hxg5 37. b4 axb4 38. b3 b6 39. c5
bxc5+ 40. Kxc5 f4 41. gxf4 gxf4 0-1

[Event "Chervonny Open 2012"]
[Site "?"]
[Date "2012.09.22"]
[Round "4"]
[White "Redikultsev, Boris"]
[Black "Medvedev, Vladimir"]
[Result "0-1"]
[WhiteElo "2055"]
[BlackElo "2099"]
[PlyCount "160"]
[EventDate "2012.09.22"]
[SourceDate "2012.09.28"]

1. e4 d6 2. d4 Nf6 3. Nc3 Nbd7 4. Bg5 e5 5. Nf3 Be7 6. Bc4 c6 7. Bb3 O-O 8. O-O
Qc7 9. dxe5 dxe5 10. h3 Nc5 11. Qe2 Be6 12. Bh4 Bxb3 13. axb3 Rfe8 14. Bxf6
Bxf6 15. Qc4 Ne6 16. Rfd1 a6 17. Rd2 Rad8 18. Rad1 Qb6 19. Na4 Qb5 20. Rxd8
Rxd8 21. Rxd8+ Bxd8 22. Qc3 Qe2 23. Nc5 Qd1+ 24. Kh2 Nxc5 25. Qxc5 f6 26. Qc4+
Kf8 27. Qb4+ Be7 28. Qc4 g6 29. Ng1 Qd4 30. Qxd4 exd4 31. Ne2 Bc5 32. Kg1 Ke7
33. Kf1 Kd6 34. f4 Ba7 35. Ke1 Ke6 36. Kd2 b5 37. b4 a5 38. Kd3 axb4 39. Nxd4+
Kd6 40. b3 Bb8 41. f5 g5 42. Ne6 Ke7 43. Ke2 h5 44. Ng7 h4 45. Ne6 Be5 46. Kf3
Kd6 47. Kg4 Ke7 48. Kh5 Bc3 49. Kg6 Bb2 50. Nc5 Kd6 51. Nd3 Bc3 52. Kg7 c5 53.
Kg6 c4 54. Nf2 Ke5 55. Kf7 Kf4 56. Ke6 Kg3 57. Ng4 Kxg2 58. Nxf6 Kxh3 59. Nd5
Kg2 60. e5 h3 61. f6 h2 62. f7 h1=Q 63. f8=Q cxb3 64. cxb3 Qb1 65. Qg7 Bd2 66.
Kd6 Qxb3 67. e6 Qg3+ 68. Qe5 Qxe5+ 69. Kxe5 b3 70. e7 b2 71. e8=Q b1=Q 72. Kd6
Qd3 73. Qh5 b4 74. Kc5 b3 75. Qg4+ Qg3 76. Qe4+ Qf3 77. Qe5 Bc1 78. Kc4 b2 79.
Qb8 Qe4+ 80. Kc5 b1=Q 0-1

[Event "Chervonny Open 2012"]
[Site "?"]
[Date "2012.09.22"]
[Round "4"]
[White "Kovalev, Aleksandr"]
[Black "Kuryshkin, Anatoliy"]
[Result "1/2-1/2"]
[WhiteElo "1929"]
[BlackElo "2055"]
[PlyCount "81"]
[EventDate "2012.09.22"]
[SourceDate "2012.09.28"]

1. e4 e5 2. Bc4 Nf6 3. d3 Nc6 4. Nf3 Be7 5. c3 O-O 6. O-O d5 7. exd5 Nxd5 8. h3
Nb6 9. Bb3 Bf5 10. Bc2 Qd6 11. Qe2 Rfe8 12. Be3 Qg6 13. Kh1 Rad8 14. Rd1 Nd5
15. Nh2 Nf4 16. Bxf4 exf4 17. Nf3 Ba3 18. Qxe8+ Rxe8 19. Nxa3 Qh6 20. Re1 Rxe1+
21. Rxe1 g5 22. Kg1 Qh5 23. Bd1 Qg6 24. d4 a6 25. Nc4 f6 26. Bb3 Kf8 27. d5 Na7
28. d6 b5 29. Na5 cxd6 30. Nb7 Nc8 31. Nd8 Ne7 32. Bf7 Qh6 33. Nd4 Bd7 34. Bb3
d5 35. Nb7 f5 36. Nc5 Bc8 37. Re5 Qf6 38. Nce6+ Kg8 39. Re1 g4 40. Nxf4 gxh3
41. Nxh3 1/2-1/2

[Event "Chervonny Open 2012"]
[Site "?"]
[Date "2012.09.22"]
[Round "4"]
[White "Shapkin, Anatoliy"]
[Black "Sepp, Yuri"]
[Result "1/2-1/2"]
[WhiteElo "2109"]
[BlackElo "1957"]
[PlyCount "67"]
[EventDate "2012.09.22"]
[SourceDate "2012.09.28"]

1. d4 Nf6 2. Nf3 d5 3. c4 e6 4. g3 Be7 5. Bg2 O-O 6. O-O Re8 7. Qc2 Nbd7 8. b3
Ne4 9. Nc3 Nxc3 10. Qxc3 Nf6 11. Bb2 c6 12. Nd2 Qb6 13. a3 Bd7 14. e4 dxe4 15.
Nxe4 Nxe4 16. Bxe4 f5 17. Bg2 Bf6 18. c5 Qc7 19. f4 Re7 20. h4 Rd8 21. Rad1 Be8
22. Bf3 h6 23. Qe3 Bf7 24. Kg2 b6 25. Rc1 b5 26. Rcd1 Qd7 27. Rd3 Qe8 28. Rfd1
Bh5 29. Bxh5 Qxh5 30. Qf3 Qxf3+ 31. Kxf3 Kf7 32. Bc1 Red7 33. Be3 Rd5 34. R3d2
1/2-1/2

[Event "Chervonny Open 2012"]
[Site "?"]
[Date "2012.09.22"]
[Round "4"]
[White "Kots, Dmitry"]
[Black "Ibragimov, Ali"]
[Result "0-1"]
[WhiteElo "1795"]
[BlackElo "2056"]
[PlyCount "50"]
[EventDate "2012.09.22"]
[SourceDate "2012.09.28"]

1. e4 d6 2. Nf3 Nf6 3. Nc3 g6 4. e5 dxe5 5. Nxe5 Bg7 6. Bc4 O-O 7. d4 Nbd7 8.
Bf4 c5 9. O-O Nh5 10. Qf3 Nxe5 11. Bxe5 cxd4 12. Bxg7 Kxg7 13. Rad1 Qc7 14.
Rxd4 e5 15. Rh4 Nf4 16. g3 g5 17. gxf4 gxh4 18. Qg2+ Kh8 19. Ne4 Qxc4 20. b3
Qc6 21. f3 exf4 22. Kh1 Bf5 23. Rg1 Rg8 24. Ng5 Rxg5 25. Qxg5 Qxf3+ 0-1

[Event "Chervonny Open 2012"]
[Site "?"]
[Date "2012.09.22"]
[Round "4"]
[White "Gavrilov, Yuri"]
[Black "Kasyanov, Vasiliy"]
[Result "0-1"]
[WhiteElo "2082"]
[BlackElo "2113"]
[PlyCount "115"]
[EventDate "2012.09.22"]
[SourceDate "2012.09.29"]

1. d4 b5 2. e4 Bb7 3. Bd3 Nf6 4. f3 a6 5. Ne2 g6 6. O-O Bg7 7. c4 bxc4 8. Bxc4
O-O 9. Nbc3 d6 10. Be3 Nbd7 11. Rb1 e6 12. Qd2 Re8 13. Bg5 Nb6 14. Bd3 Qc8 15.
Rfe1 Nfd7 16. b4 Bf8 17. a4 Qb8 18. a5 Nc8 19. f4 c5 20. bxc5 dxc5 21. d5 Qa7
22. Kh1 exd5 23. exd5 Nd6 24. Bh4 c4 25. Bc2 Qc5 26. Ba4 Qc7 27. Bf2 Reb8 28.
Nd4 Nf6 29. Nc6 Bxc6 30. Bxc6 Rxb1 31. Rxb1 Nde4 32. Nxe4 Nxe4 33. Qe1 Nxf2+
34. Qxf2 Rb8 35. Rxb8 Qxb8 36. g3 Qb4 37. Qc2 c3 38. f5 Qxa5 39. fxg6 hxg6 40.
Kg2 Qc5 41. Kf3 Bh6 42. h4 Qe3+ 43. Kg2 Bf8 44. Ba4 Bd6 45. h5 Qxg3+ 46. Kf1
Qf3+ 47. Kg1 Bc5+ 48. Kh2 Qxh5+ 49. Kg3 Bd6+ 50. Kf2 Qh2+ 51. Ke3 Qxc2 52. Bxc2
f5 53. Kd4 Bb4 54. Ke5 Kf7 55. d6 a5 56. Bb3+ Ke8 57. Ba4+ Kd8 58. d7 0-1

[Event "Chervonny Open 2012"]
[Site "?"]
[Date "2012.09.22"]
[Round "4"]
[White "Anikeev, Anatoliy"]
[Black "Milutin, Lev"]
[Result "1/2-1/2"]
[WhiteElo "1898"]
[BlackElo "1961"]
[PlyCount "85"]
[EventDate "2012.09.22"]
[SourceDate "2012.09.29"]

1. d4 d5 2. Nf3 Nf6 3. e3 Bg4 4. Nbd2 e6 5. a3 c5 6. c3 c4 7. Be2 Nc6 8. O-O
Bd6 9. h3 Bxf3 10. Bxf3 O-O 11. Re1 e5 12. dxe5 Nxe5 13. Be2 Bc7 14. f4 Ng6 15.
g3 Re8 16. Bf3 Qd7 17. Kg2 Rad8 18. Nf1 Qe7 19. b3 b5 20. a4 Ne4 21. Qc2 a6 22.
axb5 axb5 23. Ba3 Qf6 24. Bxe4 Rxe4 25. Bc5 Qc6 26. Bd4 Nf8 27. Nd2 Ree8 28.
Nf3 f6 29. b4 Ra8 30. Bc5 Ne6 31. Nd4 Qd7 32. Nxe6 Qxe6 33. Bd4 Ra6 34. Rxa6
Qxa6 35. Re2 Ra8 36. e4 Qe6 37. exd5 Qxd5+ 38. Qe4 Qxe4+ 39. Rxe4 Kf7 40. Bc5
Re8 41. Kf3 f5 42. Rxe8 Kxe8 43. Bd4 1/2-1/2

[Event "Chervonny Open 2012"]
[Site "?"]
[Date "2012.09.22"]
[Round "4"]
[White "An, Yuriy"]
[Black "Reva-Nikitina, Zoya N"]
[Result "1-0"]
[WhiteElo "1998"]
[BlackElo "1801"]
[PlyCount "57"]
[EventDate "2012.09.22"]
[SourceDate "2012.09.29"]

1. d4 d5 2. c4 e6 3. Nf3 Nf6 4. Nc3 Nc6 5. a3 a5 6. Bg5 Be7 7. e3 O-O 8. Bd3 b6
9. Rc1 Ba6 10. Bxf6 Bxf6 11. cxd5 exd5 12. Bxa6 Rxa6 13. Qb3 Ne7 14. Qb5 Ra7
15. Na4 Qb8 16. Qb3 b5 17. Nc5 a4 18. Qc2 c6 19. Nd3 Rc7 20. Nb4 Qa8 21. g4 g6
22. h4 Qa5 23. Kf1 Rfc8 24. Nd3 Bg7 25. h5 f5 26. hxg6 fxg4 27. gxh7+ Kh8 28.
Nfe5 g3 29. Nf7# 1-0

[Event "Chervonny Open 2012"]
[Site "?"]
[Date "2012.09.22"]
[Round "4"]
[White "Dyachkov, Oleg"]
[Black "Leschenko, Wjatcheslaw"]
[Result "1-0"]
[WhiteElo "1803"]
[BlackElo "1652"]
[PlyCount "75"]
[EventDate "2012.09.22"]
[SourceDate "2012.09.29"]

1. e4 c6 2. d4 d5 3. Nd2 g6 4. Ngf3 dxe4 5. Nxe4 Bg7 6. Bc4 Nd7 7. Qe2 Qa5+ 8.
c3 Qc7 9. Bxf7+ Kxf7 10. Neg5+ Ke8 11. Ne6 Qd6 12. Bf4 Be5 13. Ng7+ Kf7 14.
Nxe5+ Kxg7 15. Nxg6 Qxg6 16. O-O-O Ndf6 17. f3 Kf7 18. Rhe1 h5 19. h3 h4 20.
Be5 b5 21. Rd2 a5 22. a4 Be6 23. axb5 Ba2 24. Rc2 a4 25. bxc6 Bb3 26. Rd2 a3
27. bxa3 Rxa3 28. Kb2 Ra2+ 29. Kxb3 Rxd2 30. Qxd2 Nh6 31. Qa2 Qd3 32. Kb4+ Kg6
33. Qb1 Qxb1+ 34. Rxb1 Rc8 35. Kc5 Nf5 36. c7 Kf7 37. Kc6 Ke8 38. Rb8 1-0

[Event "Chervonny Open 2012"]
[Site "?"]
[Date "2012.09.22"]
[Round "4"]
[White "Guseva, Antonina"]
[Black "Dzera, Evgeniy"]
[Result "1-0"]
[WhiteElo "1660"]
[BlackElo "2173"]
[PlyCount "135"]
[EventDate "2012.09.22"]
[SourceDate "2012.09.29"]

1. e4 c5 2. d4 cxd4 3. c3 dxc3 4. Nxc3 d6 5. Nf3 Nc6 6. Bc4 e6 7. O-O Be7 8.
Qe2 a6 9. Rd1 b5 10. Bb3 Bd7 11. Bf4 e5 12. Be3 Nf6 13. Nd5 Nxd5 14. Bxd5 Rc8
15. a3 O-O 16. Rac1 Bf6 17. Bxc6 Rxc6 18. Rxc6 Bxc6 19. Bc5 Qa8 20. Bxd6 Re8
21. Re1 g6 22. b4 Bg7 23. h4 Bd7 24. Nd2 Qc6 25. Bc5 f5 26. Nf3 Bc8 27. Ng5 h6
28. Qa2+ Kh8 29. Nf7+ Kh7 30. exf5 gxf5 31. Qe2 Bb7 32. f3 Ba8 33. Rd1 Qf6 34.
Nd6 Re6 35. Qf2 e4 36. fxe4 fxe4 37. Qf5+ Qxf5 38. Nxf5 Bf6 39. h5 Bc6 40. Ne3
Bb2 41. Rf1 Be8 42. g4 Bxa3 43. Nd5 Bb2 44. Nc7 Re5 45. Bd6 Bc6 46. Bxe5 Bxe5
47. Ne6 Bd6 48. Rc1 Bb7 49. Rf1 Bc8 50. Rf7+ Kg8 51. Rg7+ Kh8 52. Rg6 Bxb4 53.
Rxh6+ Kg8 54. Rg6+ Kh8 55. Kf2 Bd2 56. Rf6 e3+ 57. Ke2 Bd7 58. Rf8+ Kh7 59.
Rf7+ Kh6 60. Rxd7 a5 61. Rg7 a4 62. Rg6+ Kh7 63. Nf8+ Kh8 64. h6 Bb4 65. h7
Bxf8 66. Rg8+ Kxh7 67. Rxf8 b4 68. Rf4 1-0

[Event "Chervonny Open 2012"]
[Site "?"]
[Date "2012.09.22"]
[Round "5"]
[White "Gulkov, Igor A"]
[Black "Medvedev, Vladimir"]
[Result "1-0"]
[WhiteElo "2355"]
[BlackElo "2099"]
[PlyCount "45"]
[EventDate "2012.09.22"]
[SourceDate "2012.09.29"]

1. Nf3 d6 2. d4 Nd7 3. c4 e5 4. Nc3 Ngf6 5. e4 Be7 6. Be2 O-O 7. O-O Re8 8. Re1
Bf8 9. Bf1 c6 10. d5 a5 11. b3 Nc5 12. Rb1 Qb6 13. a3 Ng4 14. Rb2 f5 15. exf5
Bxf5 16. h3 Nf6 17. Be3 cxd5 18. Nxd5 Qc6 19. Nxf6+ gxf6 20. Nh4 Be6 21. Qh5 d5
22. cxd5 Bxd5 23. Rc1 1-0

[Event "Chervonny Open 2012"]
[Site "?"]
[Date "2012.09.22"]
[Round "5"]
[White "Ibragimov, Ali"]
[Black "Kovalev, Aleksandr"]
[Result "1-0"]
[WhiteElo "2056"]
[BlackElo "1929"]
[PlyCount "77"]
[EventDate "2012.09.22"]
[SourceDate "2012.09.29"]

1. e4 e5 2. Nf3 Nc6 3. Bb5 d6 4. Bxc6+ bxc6 5. d4 Bg4 6. dxe5 dxe5 7. Qe2 Bd6
8. O-O Ne7 9. h3 Bxf3 10. Qxf3 O-O 11. Nc3 Qd7 12. Bg5 f6 13. Be3 f5 14. exf5
Qxf5 15. Qxf5 Nxf5 16. Ne4 a6 17. Rfe1 Rab8 18. b3 Rb4 19. f3 Rxe4 20. fxe4
Nxe3 21. Rxe3 Bc5 22. Rae1 Rf4 23. Kh2 Bxe3 24. Rxe3 Kf7 25. Kg1 Ke7 26. g3 Rf6
27. Rc3 Kd6 28. b4 Rf8 29. Ra3 Ra8 30. Ra5 Kd7 31. Kf2 Kd6 32. Kf3 g6 33. c3 h6
34. Ke3 Ke6 35. a4 Kd6 36. b5 cxb5 37. axb5 Kc5 38. bxa6+ Kb6 39. Rxe5 1-0

[Event "Chervonny Open 2012"]
[Site "?"]
[Date "2012.09.22"]
[Round "5"]
[White "Kasyanov, Vasiliy"]
[Black "Kozlov, Aleksandr"]
[Result "0-1"]
[WhiteElo "2113"]
[BlackElo "2153"]
[PlyCount "44"]
[EventDate "2012.09.22"]
[SourceDate "2012.09.29"]

1. d4 Nf6 2. Bg5 Ne4 3. Bh4 c5 4. f3 g5 5. fxe4 gxh4 6. e3 Bh6 7. Kf2 Qb6 8. b3
Nc6 9. c3 cxd4 10. cxd4 e5 11. Nf3 exd4 12. exd4 Bg7 13. Ke3 d5 14. Qd3 O-O 15.
Nc3 dxe4 16. Qxe4 Nxd4 17. Nxd4 Bxd4+ 18. Qxd4 Re8+ 19. Ne4 Rxe4+ 20. Kxe4 Bf5+
21. Kxf5 Qxd4 22. Bc4 Rc8 0-1

[Event "Chervonny Open 2012"]
[Site "?"]
[Date "2012.09.22"]
[Round "5"]
[White "Sepp, Yuri"]
[Black "Redikultsev, Boris"]
[Result "1/2-1/2"]
[WhiteElo "1957"]
[BlackElo "2055"]
[PlyCount "131"]
[EventDate "2012.09.22"]
[SourceDate "2012.09.29"]

1. e4 c5 2. Nf3 d6 3. d4 cxd4 4. Nxd4 Nf6 5. Nc3 Nc6 6. Be3 e6 7. Be2 Be7 8.
Qd2 a6 9. f3 e5 10. Nb3 Be6 11. O-O-O O-O 12. g4 Rc8 13. h4 Na5 14. g5 Nd7 15.
Kb1 Nc4 16. Bxc4 Rxc4 17. Nd5 Bxd5 18. Qxd5 b5 19. Qb7 Qc8 20. Qxc8 Rfxc8 21.
Rh2 R4c7 22. Rd5 Kf8 23. c3 Rb8 24. a3 Nb6 25. Bxb6 Rxb6 26. Nd2 Rbc6 27. Nb3
f6 28. gxf6 Bxf6 29. h5 Bg5 30. Rg2 h6 31. Kc2 Rf7 32. Rg3 Ke7 33. Kd3 Ke6 34.
Na5 Rc8 35. Nb3 Rcf8 36. Ke2 Rf4 37. Rh3 Rh4 38. Rxh4 Bxh4 39. Nc1 Be7 40. Rd1
Rf4 41. Rg1 Kf7 42. Rg4 Bg5 43. Nd3 Rf6 44. b3 Re6 45. Nb4 Re7 46. Nd5 Rb7 47.
Rg1 g6 48. hxg6+ Kxg6 49. Rd1 Kf7 50. Kd3 Ke6 51. Rh1 Rh7 52. c4 bxc4+ 53. Kxc4
Rf7 54. Rh3 Kd7 55. a4 Kc6 56. b4 Bd2 57. Kd3 Bg5 58. Kc4 Rg7 59. b5+ axb5+ 60.
axb5+ Kb7 61. Nc3 Rc7+ 62. Kd3 Rc5 63. Rh1 Rc8 64. Rb1 Rf8 65. Ke2 Rc8 66. Kd3
1/2-1/2

[Event "Chervonny Open 2012"]
[Site "?"]
[Date "2012.09.22"]
[Round "5"]
[White "Guseva, Lidia"]
[Black "Dyachkov, Oleg"]
[Result "0-1"]
[WhiteElo "1540"]
[BlackElo "1803"]
[PlyCount "50"]
[EventDate "2012.09.22"]
[SourceDate "2012.09.29"]

1. e4 c5 2. d4 cxd4 3. c3 dxc3 4. Nxc3 d6 5. Bc4 e6 6. Nf3 Be7 7. O-O Nf6 8.
Qe2 a6 9. Bb3 O-O 10. Rd1 Qc7 11. Bf4 e5 12. Be3 Bd7 13. Rac1 Qd8 14. Nd5 Nxd5
15. Bxd5 Nc6 16. Qd2 Rc8 17. Bxc6 Bxc6 18. Qe2 Qa5 19. Nd2 Qxa2 20. Nc4 Bb5 21.
Qg4 Rxc4 22. Bh6 Bf6 23. Ra1 Qxb2 24. Rab1 Qc2 25. Rbc1 Qxe4 0-1

[Event "Chervonny Open 2012"]
[Site "?"]
[Date "2012.09.22"]
[Round "5"]
[White "Tokarzhevskiy, Aleksey"]
[Black "An, Yuriy"]
[Result "0-1"]
[WhiteElo "1860"]
[BlackElo "1998"]
[PlyCount "92"]
[EventDate "2012.09.22"]
[SourceDate "2012.09.29"]

1. e4 c6 2. f4 d5 3. Nc3 d4 4. Nce2 Bg4 5. h3 Bc8 6. Nf3 c5 7. d3 Nc6 8. c3 g6
9. cxd4 cxd4 10. a3 Bg7 11. b4 Nf6 12. Bb2 Nh5 13. g4 Nf6 14. Nexd4 Bd7 15.
Nxc6 Bxc6 16. Ne5 Qb6 17. Nc4 Qd8 18. Na5 Qb6 19. Nc4 Qc7 20. Be5 Qd7 21. Rh2
Rd8 22. Rc1 O-O 23. Be2 Bb5 24. Qd2 Ba6 25. Qe3 b6 26. Rg2 Qb7 27. h4 Rc8 28.
g5 Bxc4 29. gxf6 exf6 30. Bd6 Rfd8 31. Rxc4 Rxd6 32. Rxc8+ Qxc8 33. Kf2 Bh6 34.
Rg1 Rc6 35. Kf3 Qh3+ 36. Rg3 Qxh4 37. Qd2 Qh1+ 38. Kf2 Qa1 39. b5 Rd6 40. Qb4
Qd4+ 41. Qxd4 Rxd4 42. f5 Ra4 43. Rg1 Rxa3 44. Rh1 Kg7 45. fxg6 hxg6 46. Rd1
Ra2 0-1

[Event "Chervonny Open 2012"]
[Site "?"]
[Date "2012.09.22"]
[Round "5"]
[White "Balashov, Pavel"]
[Black "Kots, Dmitry"]
[Result "1-0"]
[WhiteElo "1938"]
[BlackElo "1795"]
[PlyCount "61"]
[EventDate "2012.09.22"]
[SourceDate "2012.09.29"]

1. e4 c6 2. d4 d5 3. e5 Bf5 4. Nc3 e6 5. g4 Bg6 6. Nge2 Bb4 7. Nf4 Nd7 8. h4 h6
9. Nxg6 fxg6 10. Be3 Ne7 11. Qd2 a6 12. a3 Qa5 13. Bd3 c5 14. f4 cxd4 15. Bxd4
Nc6 16. Bxg6+ Ke7 17. Ke2 Bxc3 18. Bxc3 Qb6 19. b3 d4 20. Bb2 Rhd8 21. a4 Kf8
22. Bh7 Nc5 23. Ba3 a5 24. Qd3 Nb4 25. Qg6 d3+ 26. cxd3 Nc2 27. f5 Rxd3 28. f6
Re3+ 29. Kd2 Rd8+ 30. Kc1 Rd7 31. fxg7+ 1-0

[Event "Chervonny Open 2012"]
[Site "?"]
[Date "2012.09.22"]
[Round "5"]
[White "Milutin, Lev"]
[Black "Guseva, Antonina"]
[Result "1-0"]
[WhiteElo "1961"]
[BlackElo "1660"]
[PlyCount "139"]
[EventDate "2012.09.22"]
[SourceDate "2012.09.29"]

1. d4 Nf6 2. c4 e5 3. d5 Bc5 4. e3 d6 5. Nc3 Bg4 6. Be2 Bf5 7. Nf3 O-O 8. O-O
Nbd7 9. a3 a5 10. Na4 Ba7 11. Bd2 Nc5 12. Nh4 Bd3 13. Nxc5 Bxe2 14. Nxb7 Bxd1
15. Nxd8 Be2 16. Rfe1 Bxc4 17. Nc6 Bxd5 18. Ne7+ Kh8 19. Bxa5 c6 20. Bc3 Rfe8
21. Nef5 Rad8 22. Red1 Bb6 23. b4 Ne4 24. Bb2 Bb3 25. Rdc1 c5 26. Ng3 Nxg3 27.
hxg3 c4 28. Nf3 Rc8 29. Bc3 Ba4 30. Ra2 f6 31. Rd2 Red8 32. g4 d5 33. g5 Kg8
34. gxf6 gxf6 35. g4 h6 36. Kg2 Kf7 37. Ba1 Rd7 38. Bxe5 Ke6 39. Bd4 Bxd4 40.
Nxd4+ Kf7 41. Rc3 Ra8 42. f4 Rda7 43. Rb2 Bd1 44. Nb5 Rd7 45. Rd2 Bxg4 46. e4
dxe4 47. Rxd7+ Bxd7 48. Nd6+ Ke6 49. Nb7 Bc6 50. Na5 Bd5 51. Kf2 Kf5 52. Ke3
Rg8 53. Kd4 Be6 54. Nxc4 Bxc4 55. Rxc4 Rd8+ 56. Kc3 Kxf4 57. b5 Kf3 58. b6 e3
59. Rc6 Ke2 60. Rxf6 Rd3+ 61. Kb4 Rd1 62. Rxh6 Rc1 63. a4 Kd2 64. Rd6+ Ke1 65.
a5 e2 66. a6 Kf1 67. Rf6+ Kg2 68. Re6 Kf1 69. a7 Rb1+ 70. Kc5 1-0

[Event "Chervonny Open 2012"]
[Site "?"]
[Date "2012.09.22"]
[Round "5"]
[White "Reva-Nikitina, Zoya N"]
[Black "Anikeev, Anatoliy"]
[Result "1-0"]
[WhiteElo "1801"]
[BlackElo "1898"]
[PlyCount "103"]
[EventDate "2012.09.22"]
[SourceDate "2012.09.29"]

1. e4 c5 2. f4 e6 3. Nf3 a6 4. Nc3 b5 5. d4 cxd4 6. Nxd4 Bb7 7. a3 Nf6 8. e5
Nd5 9. Nxd5 Bxd5 10. Nf3 Qb6 11. b4 Be7 12. Bd3 O-O 13. Qe2 Nc6 14. Be3 Qc7 15.
O-O f6 16. exf6 Bxf6 17. Rad1 Rae8 18. Bc5 d6 19. Be3 e5 20. Bxh7+ Kxh7 21.
Rxd5 exf4 22. Qd3+ Kg8 23. Bxf4 Qb6+ 24. Kh1 Be5 25. Ng5 Rxf4 26. Qh7+ Kf8 27.
Rxf4+ Ke7 28. Rf7+ Kd8 29. Qf5 Ne7 30. Ne6+ Kc8 31. Rxe7 Rxe7 32. Nxg7+ Kb7 33.
Ne6 Qe3 34. Rd1 Qe2 35. Rg1 Bxh2 36. Kxh2 Rxe6 37. Qf3+ Qxf3 38. gxf3 Re3 39.
f4 Rxa3 40. f5 Rc3 41. f6 Rxc2+ 42. Kg3 Rc8 43. Kf4 Rf8 44. Rg7+ Kc6 45. f7 Kd7
46. Ke4 Ke7 47. Kd5 Kf6 48. Rg2 Ke7 49. Rf2 Kd7 50. Rf6 Kc7 51. Ke6 Kd8 52.
Kxd6 1-0